Unix: shell programming (Record no. 167870)

000 -LEADER
fixed length control field 00343nam a2200121Ia 4500
008 - FIXED-LENGTH DATA ELEMENTS--GENERAL INFORMATION
fixed length control field 220217s9999||||xx |||||||||||||| ||und||
082 ## - DEWEY DECIMAL CLASSIFICATION NUMBER
Classification number 005.43 ART
100 ## - MAIN ENTRY--PERSONAL NAME
Personal name Arther, Jaylowli Burns, Ted
9 (RLIN) 1971
245 #0 - TITLE STATEMENT
Title Unix: shell programming
260 ## - PUBLICATION, DISTRIBUTION, ETC.
Place of publication, distribution, etc. Galgotia publications
Name of publisher, distributor, etc. New Dwelhi
Date of publication, distribution, etc. 2001
300 ## - PHYSICAL DESCRIPTION
Other physical details 190
650 ## - SUBJECT ADDED ENTRY--TOPICAL TERM
Topical term or geographic name entry element Operating systems
Holdings
Withdrawn status Lost status Damaged status Not for loan Collection code Home library Current library Shelving location Date acquired Full call number Barcode Date last seen Price effective from Koha item type
        Artificial Intelligence and Machine Learning Central Library Central Library Book Cart 02/18/2022 005.43 ART 3059 02/18/2022 02/18/2022 Books

Powered by Koha